[Event "Africa-ch"]
[Site "Cairo"]
[Date "2025.05.19"]
[Round "8"]
[White "Ashraf, Shereif"]
[Black "Idrissi, Chafik"]
[Result "0-1"]
[WhiteElo "2264"]
[BlackElo "2107"]
[PlyCount "74"]
[EventDate "2025.05.13"]
[EventType "swiss"]
[EventRounds "9"]
[EventCountry "EGY"]
[SourceTitle "CB22_2025"]
[SourceDate "2025.05.28"]
[SourceVersion "1"]
[SourceVersionDate "2025.05.28"]
[SourceQuality "1"]

1. e4 e6 2. d4 d5 3. Nd2 c5 4. Ngf3 cxd4 5. Nxd4 Nc6 6. Bb5 Bd7 7. Nxc6 bxc6 8. Bd3 Qc7 9. 0-0 Nf6 10. Qe2 Bd6 11. Kh1 0-0 12. c4 dxe4 13. Bxe4 Rab8 14. b3 Be5 15. Rb1 Nxe4 16. Nxe4 c5 17. Be3 Bc6 18. Nxc5 Bd6 19. b4 a5 20. a3 axb4 21. axb4 Qe7 22. Na6 Qb7 23. f4 Qxa6 24. b5 Qb7 25. bxc6 Qxb1 26. Rxb1 Rxb1+ 27. Bg1 Bc5 28. h4 Bxg1 29. Qd3 Ra1 30. g3 Bb6+ 31. Kg2 Raa8 32. Qb3 Bc7 33. h5 h6 34. Qb7 Rac8 35. c5 e5 36. Kf3 Rfe8 37. fxe5 Bxe5 0-1

[Event "Africa-ch"]
[Site "Cairo"]
[Date "2025.05.17"]
[Round "6"]
[White "Idrissi, Chafik"]
[Black "Hossam Mohamed, Adham"]
[Result "1-0"]
[WhiteElo "2107"]
[BlackElo "2014"]
[PlyCount "89"]
[EventDate "2025.05.13"]
[EventType "swiss"]
[EventRounds "9"]
[EventCountry "EGY"]
[SourceTitle "CB22_2025"]
[SourceDate "2025.05.28"]
[SourceVersion "1"]
[SourceVersionDate "2025.05.28"]
[SourceQuality "1"]

1. d4 e6 2. Nf3 f5 3. g3 Nf6 4. Bg2 d5 5. 0-0 Bd6 6. b3 Qe7 7. Bb2 0-0 8. c4 c6 9. Qc1 Nbd7 10. Ba3 Bxa3 11. Nxa3 Ne4 12. Qb2 a5 13. Nc2 b6 14. Nce1 Ba6 15. Rc1 a4 16. Nd3 a3 17. Qc2 Rac8 18. Nfe5 Nxe5 19. dxe5 Rfd8 20. Bxe4 fxe4 21. Nf4 c5 22. f3 e3 23. Rfd1 d4 24. Nd3 b5 25. Rf1 b4 26. Qd1 Qg5 27. Qe1 Rc7 28. g4 Qh6 29. Qg3 g5 30. Kg2 Rf8 31. Rh1 Bb7 32. h4 gxh4 33. Rxh4 Qg6 34. Nf4 Rxf4 35. Qxf4 Rf7 36. Qh6 d3 37. Qxe3 dxe2 38. Rh3 Kh8 39. Kh2 Rd7 40. Re1 Rd1 41. Qxe2 Rxe1 42. Qxe1 Qc2+ 43. Kg3 Qxa2 44. Qd1 Bd5 45. Qd3 1-0

[Event "Arab-ch"]
[Site "Sharjah"]
[Date "2024.11.14"]
[Round "8"]
[White "Idrissi, Chafik"]
[Black "Taieb, Sahbi"]
[Result "0-1"]
[WhiteElo "2136"]
[BlackElo "2105"]
[PlyCount "140"]
[EventDate "2024.11.07"]
[EventType "swiss"]
[EventRounds "9"]
[EventCountry "UAE"]
[SourceTitle "CB47_2024"]
[SourceDate "2024.11.20"]
[SourceVersion "1"]
[SourceVersionDate "2024.11.20"]
[SourceQuality "1"]

1. d4 d6 2. c4 e5 3. Nf3 e4 4. Ng5 f5 5. Nc3 Be7 6. Nh3 Nf6 7. g3 c6 8. Nf4 g5 9. Ng2 Rg8 10. h4 h6 11. hxg5 hxg5 12. b4 d5 13. c5 a5 14. b5 b6 15. Be3 cxb5 16. Nxb5 Bd7 17. Nd6+ Bxd6 18. cxd6 Bc6 19. Rb1 b5 20. Qc1 Qxd6 21. Bxg5 Nbd7 22. Rh6 Rc8 23. Nh4 Bb7 24. Qd2 Rc6 25. Nxf5 Qc7 26. Bf4 Qb6 27. Bh3 b4 28. Ne3 Qb5 29. Bxd7+ Nxd7 30. Rxc6 Bxc6 31. Kf1 Nb6 32. Nf5 Nc4 33. Nd6+ Kd7 34. Nxb5 Nxd2+ 35. Bxd2 Bxb5 36. a3 Rh8 37. Rb2 Rh1+ 38. Kg2 Ra1 39. axb4 Bxe2 40. g4 a4 41. Bc3 Bf3+ 42. Kg3 Rc1 43. Bd2 Rg1+ 44. Kf4 Rxg4+ 45. Ke5 Rg2 46. Be3 Rg1 47. Ra2 Bd1 48. Ra1 Rh1 49. b5 Rh5+ 50. Kf4 Bb3 51. Bd2 Rh3 52. Ke5 Rh5+ 53. Kf4 Rh8 54. Bb4 Rb8 55. Ke5 Rxb5 56. Bc5 Rb8 57. Rh1 Re8+ 58. Kf4 Kc6 59. Rc1 Kb5 60. Ba3 Re6 61. Rc5+ Kb6 62. Rc8 Rf6+ 63. Kg3 Rf3+ 64. Kg2 Bc4 65. Bd6 a3 66. Rb8+ Kc6 67. Bc5 a2 68. Ra8 Kb5 69. Ra7 Rd3 70. Kh2 Rd1 0-1

[Event "Arab-ch"]
[Site "Sharjah"]
[Date "2024.11.13"]
[Round "7"]
[White "Dawod, Mahmoud W"]
[Black "Idrissi, Chafik"]
[Result "0-1"]
[WhiteElo "1921"]
[BlackElo "2136"]
[PlyCount "90"]
[EventDate "2024.11.07"]
[EventType "swiss"]
[EventRounds "9"]
[EventCountry "UAE"]
[SourceTitle "CB47_2024"]
[SourceDate "2024.11.20"]
[SourceVersion "1"]
[SourceVersionDate "2024.11.20"]
[SourceQuality "1"]

1. d4 Nf6 2. c4 c5 3. d5 b5 4. cxb5 a6 5. b6 d6 6. Nc3 g6 7. e4 Nbd7 8. a4 Qxb6 9. Nf3 Bg7 10. a5 Qc7 11. Nd2 0-0 12. Be2 Rb8 13. 0-0 Ne8 14. Qc2 Qa7 15. Nd1 Nc7 16. Ne3 Nb5 17. Bg4 Nd4 18. Qd1 f5 19. exf5 gxf5 20. Bh3 Nf6 21. f4 Qb7 22. Re1 Re8 23. Qa4 Bd7 24. Qa2 Qb4 25. Qc4 Qb7 26. Qa2 Kh8 27. Rb1 e6 28. Ndc4 exd5 29. Nxd6 Qb4 30. Rd1 Ne2+ 31. Kf2 Nxc1 32. Rbxc1 Qxf4+ 33. Kg1 Qxe3+ 34. Kh1 Re7 35. Qa3 Qxa3 36. bxa3 c4 37. Bxf5 Bxf5 38. Nxf5 Re2 39. g4 Rbb2 40. h3 Rh2+ 41. Kg1 h6 42. Ne7 Ne4 43. Nf5 Rbg2+ 44. Kf1 Rf2+ 45. Kg1 Ng5 0-1

[Event "Arab-ch Rapid"]
[Site "Sharjah"]
[Date "2024.11.10"]
[Round "2"]
[White "Rashid, Husain Alhammadi"]
[Black "Idrissi, Chafik"]
[Result "1-0"]
[WhiteElo "1850"]
[BlackElo "2136"]
[PlyCount "77"]
[EventDate "2024.11.10"]
[EventType "swiss (rapid)"]
[EventRounds "7"]
[EventCountry "UAE"]
[SourceTitle "CB47_2024"]
[SourceDate "2024.11.20"]
[SourceVersion "1"]
[SourceVersionDate "2024.11.20"]
[SourceQuality "1"]

1. e4 c5 2. Nf3 Nc6 3. d4 cxd4 4. Nxd4 e5 5. Nb5 d6 6. N1c3 a6 7. Na3 b5 8. Nd5 Rb8 9. c3 Be7 10. Be2 Nf6 11. Nxf6+ Bxf6 12. 0-0 0-0 13. Nc2 a5 14. Ne3 Ne7 15. a4 b4 16. cxb4 Rxb4 17. f3 Bg5 18. Nc4 Bxc1 19. Rxc1 d5 20. exd5 Nxd5 21. Nxe5 Qb6+ 22. Rf2 Rd4 23. Qc2 g6 24. Nc6 Rh4 25. Qc5 Qc7 26. f4 Rxf4 27. Ne7+ Qxe7 28. Qxe7 Nxe7 29. Rxf4 Be6 30. h3 Rb8 31. Bb5 Rd8 32. Bc4 Rc8 33. Rc3 g5 34. Bxe6 Rxc3 35. Rxf7 Rc6 36. Rxe7+ Kf8 37. Rf7+ Ke8 38. Bd7+ Kxf7 39. Bxc6 1-0

[Event "Arab-ch"]
[Site "Sharjah"]
[Date "2024.11.07"]
[Round "1"]
[White "Idrissi, Chafik"]
[Black "Abdulrahim, Salem"]
[Result "1/2-1/2"]
[WhiteElo "2136"]
[BlackElo "1858"]
[PlyCount "88"]
[EventDate "2024.11.07"]
[EventType "swiss"]
[EventRounds "9"]
[EventCountry "UAE"]
[SourceTitle "CB47_2024"]
[SourceDate "2024.11.20"]
[SourceVersion "1"]
[SourceVersionDate "2024.11.20"]
[SourceQuality "1"]

1. d4 d5 2. Nf3 Nf6 3. c4 e6 4. g3 Be7 5. Bg2 0-0 6. 0-0 dxc4 7. Qc2 a6 8. Qxc4 b5 9. Qc2 Bb7 10. Bd2 a5 11. Rc1 Nd5 12. Nc3 Nxc3 13. Bxc3 Nd7 14. Bd2 c5 15. dxc5 Nxc5 16. Ng5 Bxg5 17. Bxg5 Qxg5 18. Qxc5 Qxc5 19. Rxc5 Bxg2 20. Kxg2 Rab8 21. Rd1 Rfc8 22. Rdc1 Rxc5 23. Rxc5 Kf8 24. Kf3 Ke7 25. Rc7+ Kf6 26. b3 b4 27. e4 Rb5 28. Ke3 g5 29. Kd4 g4 30. Rc5 Rxc5 31. Kxc5 Ke5 32. Kb5 Kxe4 33. Kxa5 Kf3 34. Kxb4 e5 35. a4 e4 36. a5 Kxf2 37. a6 e3 38. a7 e2 39. a8Q e1Q+ 40. Kb5 Qe2+ 41. Kc5 Qe3+ 42. Kc4 Qe2+ 43. Kc5 Qe3+ 44. Kc4 Qe2+ 1/2-1/2

[Event "Casablanca Mohammed op 4th"]
[Site "Casablanca"]
[Date "2023.08.19"]
[Round "9"]
[White "Idrissi, Chafik"]
[Black "Draoui, Najib"]
[Result "1/2-1/2"]
[WhiteElo "2153"]
[BlackElo "2304"]
[PlyCount "38"]
[EventDate "2023.08.14"]
[EventType "swiss"]
[EventRounds "9"]
[EventCountry "MAR"]
[SourceTitle "CBM 215 Extra"]
[Source "ChessBase"]
[SourceDate "2023.09.30"]
[SourceVersion "1"]
[SourceVersionDate "2023.09.30"]
[SourceQuality "1"]

1. d4 d5 2. Nf3 Nf6 3. Bf4 e6 4. e3 Bd6 5. Nbd2 0-0 6. Bd3 b6 7. Ne5 c5 8. c3 Ba6 9. Bxa6 Nxa6 10. 0-0 Nb8 11. Bg3 Ne8 12. Nef3 Nc6 13. Qa4 Qd7 14. dxc5 bxc5 15. e4 Ne5 16. Qc2 Nc6 17. Qa4 Ne5 18. Qc2 Nc6 19. Qa4 Ne5 1/2-1/2

[Event "Casablanca Mohammed op 4th"]
[Site "Casablanca"]
[Date "2023.08.18"]
[Round "7"]
[White "Dubreuil, Nicolas"]
[Black "Idrissi, Chafik"]
[Result "1/2-1/2"]
[WhiteElo "2159"]
[BlackElo "2153"]
[PlyCount "117"]
[EventDate "2023.08.14"]
[EventType "swiss"]
[EventRounds "9"]
[EventCountry "MAR"]
[SourceTitle "CBM 215 Extra"]
[Source "ChessBase"]
[SourceDate "2023.09.30"]
[SourceVersion "1"]
[SourceVersionDate "2023.09.30"]
[SourceQuality "1"]

1. e4 c5 2. Nf3 Nc6 3. Bb5 g6 4. Bxc6 dxc6 5. d3 Bg7 6. h3 Nf6 7. Nc3 Nd7 8. Be3 e5 9. 0-0 Qe7 10. Nh2 Nf8 11. f4 exf4 12. Rxf4 Ne6 13. Rf2 Nd4 14. Qd2 h6 15. Raf1 Be6 16. Ng4 f5 17. Nxh6 Qh4 18. exf5 gxf5 19. Nxf5 Nxf5 20. Rxf5 Bxf5 21. Rxf5 0-0-0 22. Bxc5 Rhe8 23. Bf2 Qh7 24. Qf4 Bh6 25. Qg4 Kb8 26. Rh5 Rg8 27. Qa4 a6 28. Qa5 Qg6 29. Qe5+ Ka8 30. g4 Bg7 31. Qf5 Qe8 32. Qc5 Bd4 33. Bxd4 Rxd4 34. Qxd4 Qxh5 35. Qd8+ Rxd8 36. gxh5 Rh8 37. Kg2 Kb8 38. Ne4 Rxh5 39. Kg3 Kc7 40. h4 Kd8 41. Kg4 Rb5 42. b3 Ke7 43. d4 Rd5 44. c3 b6 45. b4 a5 46. a3 a4 47. h5 Kf7 48. Ng5+ Kf6 49. Ne4+ Kf7 50. b5 cxb5 51. Ng5+ Kf6 52. Ne4+ Kg7 53. Kf4 b4 54. cxb4 Rxd4 55. Ke3 Rd1 56. Nc3 Ra1 57. Nb5 Rh1 58. Nc3 Ra1 59. Nb5 1/2-1/2

[Event "Casablanca Mohammed op 4th"]
[Site "Casablanca"]
[Date "2023.08.15"]
[Round "2"]
[White "Idrissi, Chafik"]
[Black "Milliet, Sophie"]
[Result "0-1"]
[WhiteElo "2153"]
[BlackElo "2388"]
[PlyCount "70"]
[EventDate "2023.08.14"]
[EventType "swiss"]
[EventRounds "9"]
[EventCountry "MAR"]
[SourceTitle "CBM 215 Extra"]
[Source "ChessBase"]
[SourceDate "2023.09.30"]
[SourceVersion "1"]
[SourceVersionDate "2023.09.30"]
[SourceQuality "1"]

1. d4 Nf6 2. c4 e6 3. g3 d5 4. Nf3 dxc4 5. Bg2 Nbd7 6. 0-0 c6 7. Qc2 b5 8. b3 cxb3 9. Qxc6 b2 10. Bxb2 Rb8 11. Nbd2 Bb7 12. Qc2 Be7 13. Rfc1 0-0 14. Qc7 a5 15. Qxd8 Rfxd8 16. Nb3 a4 17. Na5 a3 18. Bc3 Bd5 19. Ne5 Nxe5 20. dxe5 Ne4 21. Be1 Rdc8 22. f3 Nc5 23. e4 Bc4 24. Bb4 Bd8 25. Nxc4 Nd3 26. Rd1 bxc4 27. Bxa3 Ra8 28. Bc1 Bb6+ 29. Kf1 Bd4 30. Rb1 Rxa2 31. Bd2 h5 32. Be1 Nxe1 33. Rxe1 Rf2+ 34. Kg1 c3 35. Kh1 c2 0-1

[Event "Marrakesh op 1st"]
[Site "Marrakesh"]
[Date "2010.07.02"]
[Round "9"]
[White "Onkoud, Abdelaziz"]
[Black "Idrissi, Chafik"]
[Result "1-0"]
[WhiteElo "2377"]
[BlackElo "2204"]
[PlyCount "85"]
[EventDate "2010.06.26"]
[EventType "swiss"]
[EventRounds "9"]
[EventCountry "MAR"]
[SourceTitle "CBM 137 Extra"]
[Source "ChessBase"]
[SourceDate "2010.09.01"]
[SourceVersion "1"]
[SourceVersionDate "2010.09.01"]
[SourceQuality "1"]

1. Nf3 Nf6 2. c4 g6 3. Nc3 Bg7 4. d4 0-0 5. Bg5 d6 6. e3 c6 7. Qc2 a6 8. h3 b5 9. Bd3 bxc4 10. Bxc4 a5 11. 0-0 Nbd7 12. Rac1 Nb6 13. Bd3 Bb7 14. e4 Nfd7 15. Rfd1 c5 16. Bb5 cxd4 17. Nxd4 Rc8 18. Qe2 Rc5 19. Be3 Qa8 20. Nb3 Rcc8 21. Na4 Nxa4 22. Bxa4 Ne5 23. f3 Ba6 24. Bb5 Bxb5 25. Qxb5 a4 26. Nd4 Rb8 27. Qe2 Qb7 28. Rc2 Rfc8 29. Rdc1 Rxc2 30. Rxc2 Nd7 31. Nc6 Re8 32. Qc4 Bxb2 33. Na5 Qb8 34. Qxa4 Nf6 35. Nc6 Qb7 36. Qb3 Qxb3 37. axb3 Be5 38. b4 Ra8 39. Nxe7+ Kg7 40. Nc6 Bg3 41. Kf1 Ra3 42. Bd4 g5 43. b5 1-0

[Event "Marrakesh op 1st"]
[Site "Marrakesh"]
[Date "2010.07.01"]
[Round "8"]
[White "Idrissi, Chafik"]
[Black "Shirazi, Kamran"]
[Result "1/2-1/2"]
[WhiteElo "2204"]
[BlackElo "2428"]
[PlyCount "38"]
[EventDate "2010.06.26"]
[EventType "swiss"]
[EventRounds "9"]
[EventCountry "MAR"]
[SourceTitle "CBM 137 Extra"]
[Source "ChessBase"]
[SourceDate "2010.09.01"]
[SourceVersion "1"]
[SourceVersionDate "2010.09.01"]
[SourceQuality "1"]

1. d4 Nf6 2. c4 e6 3. Nf3 c5 4. d5 b5 5. Bg5 h6 6. Bxf6 Qxf6 7. Nc3 b4 8. Nb5 Na6 9. e4 e5 10. Be2 Bd6 11. a3 bxa3 12. Rxa3 Bb8 13. h4 Nb4 14. h5 a6 15. Nh4 d6 16. Rf3 Qd8 17. Nc3 Ra7 18. Rg3 0-0 19. Bg4 a5 1/2-1/2

[Event "Taza zt 4.1"]
[Site "Taza"]
[Date "2005.06.23"]
[Round "4"]
[White "Idrissi, Chafik"]
[Black "Sebih, Kamel"]
[Result "1/2-1/2"]
[WhiteElo "2215"]
[BlackElo "2318"]
[PlyCount "57"]
[EventDate "2005.06.21"]
[EventType "swiss"]
[EventRounds "9"]
[EventCountry "MAR"]
[SourceTitle "EXT 2006"]
[Source "ChessBase"]
[SourceDate "2005.11.24"]
[SourceVersion "1"]
[SourceVersionDate "2005.11.24"]
[SourceQuality "1"]

1. e4 d6 2. d4 Nf6 3. Nc3 g6 4. Nf3 c6 5. Be3 b5 6. Bd3 Bg7 7. h3 0-0 8. Qd2 Re8 9. a4 b4 10. Ne2 a5 11. Ng3 Ba6 12. Bxa6 Nxa6 13. Bh6 Bh8 14. Qg5 e5 15. dxe5 dxe5 16. Rd1 Qc7 17. Qe3 c5 18. 0-0 c4 19. Nf5 Nc5 20. Nd6 Re6 21. Nb5 Qb6 22. Ng5 Rc6 23. b3 Bg7 24. Bxg7 Kxg7 25. Nf3 Qb8 26. Rd5 Ncd7 27. Rd2 Nc5 28. Rd5 Ncd7 29. Rd2 1/2-1/2